| 000 | 00480nam a2200217Ia 4500 | ||
|---|---|---|---|
| 008 | 210210b1947 xxu||||| |||| 00| 0 eng d | ||
| 041 | _aeng | ||
| 082 | _a825/1001 | ||
| 100 | _aWILLEY | ||
| 245 | _aEssays and studies Vol 32 1946 | ||
| 260 |
_aOxford _bAt the Clarendon Press _c1947 |
||
| 440 | _a32 | ||
| 650 | _aVol | ||
| 650 | _astudies | ||
| 650 | _aEssays | ||
| 650 | _aand | ||
| 650 | _a32 | ||
| 650 | _a1946 | ||
| 690 | _aEnglish Criticism | ||
| 906 | _a015317 | ||
| 999 |
_c134676 _d134676 |
||